[Event "Oslo op"]
[Site "Fornebu"]
[Date "2017.09.30"]
[Round "3"]
[White "Vovk, Andrey"]
[Black "Efroimski, Marsel"]
[Result "1-0"]
[WhiteElo "2622"]
[BlackElo "2331"]
[PlyCount "57"]
[EventDate "2017.09.29"]
[EventType "swiss"]
[EventRounds "10"]
[EventCountry "NOR"]
[SourceTitle "CBM 181 Extra"]
[Source "ChessBase"]
[SourceDate "2017.12.12"]
[SourceVersion "1"]
[SourceVersionDate "2017.12.12"]
[SourceQuality "1"]

1. e4 c5 2. Nf3 d6 3. d4 cxd4 4. Nxd4 Nf6 5. Nc3 Nc6 6. f3 e5 7. Nb3 Be7 8. Be3 Be6 9. Qe2 0-0 10. 0-0-0 Na5 11. Qb5 Nxb3+ 12. axb3 Qc7 13. g4 a6 14. Qd3 Rac8 15. g5 Nd7 16. Kb1 b5 17. h4 Nc5 18. Qd2 b4 19. Nd5 Bxd5 20. Qxd5 a5 21. Bc4 a4 22. h5 a3 23. g6 h6 24. Rhg1 axb2 25. Kxb2 Na4+ 26. Kc1 Nb6 27. gxf7+ Kh8 28. Qe6 Nxc4 29. Rxg7 1-0

[Event "Canadian op"]
[Site "Sault Ste Marie"]
[Date "2017.07.15"]
[Round "8"]
[White "Vovk, Andrey"]
[Black "Yang, Kaiqi"]
[Result "1-0"]
[WhiteElo "2630"]
[BlackElo "2415"]
[PlyCount "111"]
[EventDate "2017.07.08"]
[EventType "swiss"]
[EventRounds "9"]
[EventCountry "CAN"]
[SourceTitle "EXT 2018"]
[Source "ChessBase"]
[SourceDate "2017.10.13"]
[SourceVersion "1"]
[SourceVersionDate "2017.10.13"]
[SourceQuality "1"]

1. e4 e5 2. Nf3 Nc6 3. Bc4 Bc5 4. 0-0 Nf6 5. d3 0-0 6. Nbd2 d6 7. c3 a6 8. Bb3 h6 9. h3 Re8 10. Re1 Be6 11. Nf1 Bxb3 12. axb3 d5 13. Qe2 Bf8 14. Ng3 g6 15. Nh2 a5 16. Qf3 d4 17. b4 Re6 18. b5 Nb8 19. Ne2 c5 20. c4 Nbd7 21. g3 h5 22. Qg2 h4 23. g4 Nh7 24. g5 Be7 25. Nf3 Ndf8 26. Qg4 f6 27. gxf6 Bxf6 28. Nh2 Re7 29. f4 b6 30. fxe5 Bxe5 31. Nf3 Nf6 32. Qg2 Raa7 33. Bg5 Qd6 34. Rf1 N8h7 35. Bxh4 Rg7 36. Nxe5 Qxe5 37. Bg3 Qe8 38. Nf4 Raf7 39. Nd5 Nh5 40. Bh2 Qe6 41. Qg4 Qxg4+ 42. hxg4 N5f6 43. Be5 Nxd5 44. cxd5 Rxf1+ 45. Rxf1 Rd7 46. Kg2 a4 47. Bg3 Kg7 48. Ra1 Ra7 49. e5 Kf7 50. e6+ Ke8 51. d6 Nf8 52. e7 Ne6 53. Rh1 Kd7 54. Rh8 Ng7 55. Rd8+ Ke6 56. Rg8 1-0

[Event "Canadian op"]
[Site "Sault Ste Marie"]
[Date "2017.07.08"]
[Round "1"]
[White "Vovk, Andrey"]
[Black "Hua, Eugene"]
[Result "1-0"]
[WhiteElo "2630"]
[BlackElo "2251"]
[PlyCount "57"]
[EventDate "2017.07.08"]
[EventType "swiss"]
[EventRounds "9"]
[EventCountry "CAN"]
[SourceTitle "EXT 2018"]
[Source "ChessBase"]
[SourceDate "2017.10.13"]
[SourceVersion "1"]
[SourceVersionDate "2017.10.13"]
[SourceQuality "1"]

1. e4 c5 2. Nf3 e6 3. d4 cxd4 4. Nxd4 Nc6 5. Nc3 Qc7 6. Be3 a6 7. Qd2 Nf6 8. 0-0-0 Bb4 9. f3 0-0 10. a3 Be7 11. g4 b5 12. g5 Nh5 13. Nxc6 dxc6 14. f4 Rd8 15. Qf2 Rxd1+ 16. Nxd1 e5 17. f5 Nf4 18. Rg1 g6 19. h4 gxf5 20. Bxf4 exf4 21. Bd3 Qe5 22. Re1 Qc5 23. Qxf4 Qd6 24. e5 Qg6 25. Ne3 h6 26. Bxf5 hxg5 27. Qg4 Bxf5 28. Nxf5 Bd8 29. Rd1 1-0

[Event "Fagernes TV2 GM op"]
[Site "Fagernes"]
[Date "2017.04.16"]
[Round "9"]
[White "Notkevich, Benjamin Arvola"]
[Black "Vovk, Andrey"]
[Result "1/2-1/2"]
[WhiteElo "2385"]
[BlackElo "2636"]
[PlyCount "24"]
[EventDate "2017.04.09"]
[EventType "swiss"]
[EventRounds "9"]
[EventCountry "NOR"]
[SourceTitle "CBM 177 Extra"]
[Source "ChessBase"]
[SourceDate "2017.04.27"]
[SourceVersion "1"]
[SourceVersionDate "2017.04.27"]
[SourceQuality "1"]

1. e4 c5 2. Nf3 e6 3. d4 cxd4 4. Nxd4 a6 5. c4 Nf6 6. Nc3 Qc7 7. a3 b6 8. Be2 Bb7 9. f3 Be7 10. Be3 d6 11. Rc1 0-0 12. 0-0 Nbd7 1/2-1/2

[Event "HUN-chT 1617"]
[Site "Hungary"]
[Date "2017.03.12"]
[Round "7.1"]
[White "Antal, Gergely"]
[Black "Vovk, Andrey"]
[Result "0-1"]
[WhiteElo "2541"]
[BlackElo "2641"]
[PlyCount "74"]
[EventDate "2016.10.30"]
[EventType "team-tourn"]
[EventRounds "9"]
[EventCountry "HUN"]
[SourceTitle "EXT 2018"]
[Source "ChessBase"]
[SourceDate "2017.10.13"]
[SourceVersion "1"]
[SourceVersionDate "2017.10.13"]
[SourceQuality "1"]
[WhiteTeam "Penzugyor"]
[BlackTeam "Kobanya Aquarena"]
[WhiteTeamCountry "HUN"]
[BlackTeamCountry "HUN"]

1. e4 c5 2. Nf3 e6 3. d4 cxd4 4. Nxd4 Nc6 5. Nc3 Qc7 6. g3 a6 7. Bg2 Nge7 8. Nb3 Ne5 9. 0-0 h5 10. h3 b5 11. Nd4 Rb8 12. Kh1 d6 13. a3 N7c6 14. Nxc6 Qxc6 15. f4 Nc4 16. Ne2 Bb7 17. b3 Nb6 18. Bb2 Nd7 19. Nd4 Qc7 20. Qe2 Be7 21. Rac1 Qb6 22. c4 bxc4 23. Rxc4 a5 24. Qc2 0-0 25. Rc1 Rfc8 26. Qd1 Rxc4 27. Rxc4 Nf6 28. Qc2 Bf8 29. Kh2 d5 30. exd5 Bxd5 31. Bxd5 Nxd5 32. Rc6 Qb7 33. h4 Be7 34. Qc1 Bf6 35. Qc2 Rd8 36. Rc5 Ne3 37. Qe2 Ng4+ 0-1

[Event "PRO League Stage"]
[Site "Chess.com INT"]
[Date "2017.02.22"]
[Round "7"]
[White "Sturt, Raven M"]
[Black "Vovk, Andrey"]
[Result "1-0"]
[WhiteElo "2431"]
[BlackElo "2633"]
[PlyCount "73"]
[EventDate "2017.01.11"]
[EventType "team-swiss (rapid)"]
[EventRounds "7"]
[EventCountry "USA"]
[SourceTitle "EXT 2018"]
[Source "ChessBase"]
[SourceDate "2017.10.13"]
[SourceVersion "1"]
[SourceVersionDate "2017.10.13"]
[SourceQuality "1"]
[WhiteTeam "Montreal ChessBrahs"]
[BlackTeam "Philadelphia Inventors"]
[WhiteTeamCountry "CAN"]
[BlackTeamCountry "USA"]

1. d4 Nf6 2. c4 g6 3. Nc3 Bg7 4. e4 d6 5. Nf3 0-0 6. h3 e5 7. d5 a5 8. Bg5 Na6 9. g4 Qe8 10. Be2 Nd7 11. Rg1 Kh8 12. h4 f5 13. gxf5 gxf5 14. exf5 Ndc5 15. Qd2 Bxf5 16. Bh6 Bxh6 17. Qxh6 Qe7 18. 0-0-0 Nb4 19. Qe3 Nxa2+ 20. Nxa2 a4 21. Rde1 c6 22. Rg5 cxd5 23. Nd4 Be4 24. Nb5 d4 25. Qg3 Qf6 26. Rg1 Rac8 27. f3 Bc6 28. Kb1 Bd7 29. Nb4 Bxb5 30. cxb5 Qf7 31. Rg7 Qf5+ 32. Ka2 Qe6+ 33. Bc4 Qxc4+ 34. Kb1 Rg8 35. Qg5 Qe6 36. Nd5 h6 37. Nf6 1-0

[Event "PRO League Stage"]
[Site "Chess.com INT"]
[Date "2017.02.15"]
[Round "6"]
[White "Villanueva, Mario Nicolas"]
[Black "Vovk, Andrey"]
[Result "1-0"]
[WhiteElo "2425"]
[BlackElo "2633"]
[PlyCount "89"]
[EventDate "2017.01.11"]
[EventType "team-swiss (rapid)"]
[EventRounds "7"]
[EventCountry "USA"]
[SourceTitle "CBM 176 Extra"]
[Source "ChessBase"]
[SourceDate "2017.03.02"]
[SourceVersion "1"]
[SourceVersionDate "2017.03.02"]
[SourceQuality "1"]
[WhiteTeam "Buenos Aires Krakens"]
[BlackTeam "Philadelphia Inventors"]
[WhiteTeamCountry "ARG"]
[BlackTeamCountry "UAE"]

1. e4 c5 2. Nf3 d6 3. d4 cxd4 4. Nxd4 Nf6 5. Nc3 Nc6 6. Bg5 e6 7. Qd2 a6 8. 0-0-0 Bd7 9. f4 b5 10. Bxf6 gxf6 11. Nxc6 Bxc6 12. f5 h5 13. Kb1 Qb6 14. fxe6 fxe6 15. Bd3 b4 16. Ne2 Bh6 17. Qe1 Qc5 18. Rf1 Kf7 19. Nf4 Bxf4 20. Rxf4 Qe5 21. Qh4 Rh6 22. Bc4 Ke7 23. Qg3 Rh7 24. b3 a5 25. Rdf1 Rf8 26. Qf2 Bd7 27. Re1 Rg7 28. g3 Rg5 29. h4 Rg6 30. Rf5 Qxg3 31. Qxg3 Rxg3 32. Rxh5 a4 33. bxa4 Bxa4 34. Ra5 Bd7 35. Ra7 Rb8 36. Rh1 Rg4 37. Bb3 Rg7 38. h5 Rh7 39. h6 d5 40. exd5 e5 41. d6+ Kd8 42. Rg1 Rh8 43. Rg8+ Rxg8 44. Bxg8 e4 45. h7 1-0

[Event "PRO League Stage"]
[Site "Chess.com INT"]
[Date "2017.02.15"]
[Round "6"]
[White "Vovk, Andrey"]
[Black "Tristan, Leonardo"]
[Result "1/2-1/2"]
[WhiteElo "2633"]
[BlackElo "2458"]
[PlyCount "66"]
[EventDate "2017.01.11"]
[EventType "team-swiss (rapid)"]
[EventRounds "7"]
[EventCountry "USA"]
[SourceTitle "CBM 176 Extra"]
[Source "ChessBase"]
[SourceDate "2017.03.02"]
[SourceVersion "1"]
[SourceVersionDate "2017.03.02"]
[SourceQuality "1"]
[WhiteTeam "Philadelphia Inventors"]
[BlackTeam "Buenos Aires Krakens"]
[WhiteTeamCountry "UAE"]
[BlackTeamCountry "ARG"]

1. e4 Nf6 2. e5 Nd5 3. d4 d6 4. exd6 exd6 5. Nf3 Be7 6. h3 0-0 7. c4 Nb6 8. Bd3 Nc6 9. a3 Bf6 10. 0-0 h6 11. Bc2 Ne7 12. Nc3 Bf5 13. Ne4 Bxe4 14. Bxe4 Nxc4 15. Bxb7 Rb8 16. Ba6 d5 17. b3 Qd6 18. Bxc4 dxc4 19. bxc4 c5 20. Be3 Nf5 21. Qd2 Nxd4 22. Nxd4 cxd4 23. Bf4 Be5 24. Bxe5 Qxe5 25. Qd3 Qc5 26. Rab1 Rxb1 27. Rxb1 Rc8 28. Rb7 Qxc4 29. Qxc4 Rxc4 30. Rxa7 Rc1+ 31. Kh2 d3 32. Rd7 Rc3 33. a4 Ra3 1/2-1/2

[Event "HUN-chT 1617"]
[Site "Hungary"]
[Date "2017.02.12"]
[Round "6.1"]
[White "Vovk, Andrey"]
[Black "Stevic, Hrvoje"]
[Result "1/2-1/2"]
[WhiteElo "2641"]
[BlackElo "2602"]
[PlyCount "52"]
[EventDate "2016.10.30"]
[EventType "team-tourn"]
[EventRounds "9"]
[EventCountry "HUN"]
[SourceTitle "EXT 2018"]
[Source "ChessBase"]
[SourceDate "2017.10.13"]
[SourceVersion "1"]
[SourceVersionDate "2017.10.13"]
[SourceQuality "1"]
[WhiteTeam "Kobanya Aquarena"]
[BlackTeam "Dunaharaszti"]
[WhiteTeamCountry "HUN"]
[BlackTeamCountry "HUN"]

1. e4 e5 2. Nf3 Nc6 3. Bc4 Nf6 4. Ng5 d5 5. exd5 Na5 6. Bb5+ c6 7. dxc6 bxc6 8. Be2 h6 9. Nf3 e4 10. Ne5 Bc5 11. c3 Bd6 12. d4 exd3 13. Nxd3 Qc7 14. Nd2 Be6 15. b4 Nb7 16. Bb2 Bf5 17. Nf3 0-0 18. h3 Rad8 19. Nd4 Be4 20. 0-0 c5 21. bxc5 Nxc5 22. Nxc5 Bxc5 23. Bf3 Qb7 24. Qb3 Bxf3 25. Nxf3 Rb8 26. c4 Qxb3 1/2-1/2